000 00559nam a2200181Ia 4500
999 _c21087
_d21087
003 OSt
005 20200701124710.0
008 190216s9999||||xx |||||||||||||| ||und||
020 _a9780521479417
040 _coclc
082 _a909.0496
_bMOS/A
100 _aMoses, Wilson Jeremiah
_93399
245 0 _aAfrotopia:
_bThe Roots Of African American Popular History /
_cWilson Jeremiah Moses
260 _bCambridge Uty Press,
_aUK:
_c1998.
300 _a313p
650 _aHistory
942 _cBK
_2ddc
_h909.0496
_iMOS/A
_k909.0496
_mMOS/A